000 01430nam a2200361 i 4500
003 DO-SdBNP
005 20230516145023.0
007 ta
008 220201b2021 dr ac||| |||| 00| p spa d
020 _a9781950474073
040 _aDO-SdBNP
_bspa
_cBNPHU
_erda
082 4 _aRD861.5
_bN714e
_222
100 1 _aNina, Nikelma,
_d1977-
_981073
245 1 3 _aLa eternidad del instante = The Eternity of the Instant /
_c Nikelma Nina ; edición, Francisco Trejo ; traducción, Miguel Falquez-Certain ; prólogo y contraportada Ramón Saba.
246 3 3 _aThe Eternity of the Instant
264 _aNueva York :
_bNueva York Poetry Press,
_c2021.
300 _a123 páginas ;
_c21 cm.
336 _2rdacontent
_atexto
_btxt
337 _2rdamedia
_asin mediación
_bn
338 _2rdacarrier
_avolumen
_bnc
490 _aVíspera del sueño;
_v4
500 _aIncluye datos biográficos de la autora : p. 120-122
500 _aVíspera del sueño (Homenaje a Aída Cartagena Portalatin)
590 _aInventariado, 2022 /LP
590 _aLa biblioteca posee 1 ejemplar autografíado por la autora.
650 4 _aPoesía dominicana
650 4 _aLiteratura dominicana
700 1 _aTrejo, Francisco,
_eedición
_981074
700 1 _aFalquez-Certain, Miguel,
_etraducción
_943073
700 1 _aSaba, Ramón,
_eprólogo
_971165
910 _aLopérez./Validado. Control de calidad MFF
942 _2ddc
_cLBS1
999 _c51286
_d51286